000 00838nam a2200253Ia 4500
005 20170509083517.0
008 130821s2004 ck fr f spa d
020 _a9587042387
020 _a9789587049978
040 _aCo-BoUCM
_bspa
_cSaul Niño (Modificó)
_d[Nuevo]
041 0 0 _aspa
100 1 _aSaramago, José
_969836
245 1 0 _aEnsayo sobre la ceguera
_cJosé Saramago ; traducción de Basilio Losada
260 _aBogotá (Colombia)
_bAlfaguara
_c2004
300 _a420 páginas
490 0 _aBiblioteca
650 0 4 _aCeguera en la literatura
_910635
650 0 4 _aLiteratura europea
_926524
650 0 4 _aLiteratura portuguesa
_918728
650 0 4 _aNovela portuguesa
_920566
700 1 _aLosada, Basilio
_969837
_etraductor
942 _cLIBRO
_a18
_e1
_mS243e
_n0
_2DEWEY
_h869.4
999 _c54435
_d54435